Catálogo
 En Linea

Pedro Henríquez Ureña : (Registro nro. 47926)

Detalles MARC
000 -CABECERA
campo de control de longitud fija 00665nam a2200193 a 4500
001 - NÚMERO DE CONTROL
campo de control 000048438
005 - FECHA Y HORA DE LA ÚLTIMA TRANSACCIÓN
campo de control 20240229073921.0
008 - DATOS DE LONGITUD FIJA--INFORMACIÓN GENERAL
campo de control de longitud fija 190315s2019 dr 000 0 spa d
020 ## - NÚMERO INTERNACIONAL ESTÁNDAR DEL LIBRO
Número Internacional Estándar del Libro 9789945423440
040 ## - FUENTE DE LA CATALOGACIÓN
Centro catalogador/agencia de origen DO-SdBNP
Lengua de catalogación spa
Centro/agencia transcriptor BNPHU
082 ## - NÚMERO DE LA CLASIFICACIÓN DECIMAL DEWEY
Número de clasificación 928.61
Número de documento/Ítem H519m, 2019
100 1# - ENTRADA PRINCIPAL--NOMBRE DE PERSONA
Nombre de persona Mateo, Andrés L.,
Fechas asociadas al nombre 1946-
9 (RLIN) 776
245 10 - MENCIÓN DE TÍTULO
Título Pedro Henríquez Ureña :
Resto del título la búsqueda de la diferencia /
Mención de responsabilidad, etc. Andrés L. Mateo.
260 ## - PUBLICACIÓN, DISTRIBUCIÓN, ETC.
Lugar de publicación, distribución, etc. Santo Domingo, :
Nombre del editor, distribuidor, etc. Universidad APEC,
Fecha de publicación, distribución, etc. 2019.
300 ## - DESCRIPCIÓN FÍSICA
Extensión 23 p. ;
Dimensiones 21 cm.
490 1# - MENCIÓN DE SERIE
Mención de serie UNAPEC por un mundo mejor ;
-- Conferencias ;
Designación de volumen o secuencia 3 ;
590 ## - NOTA LOCAL (RLIN)
Nota local Inventariado, 2019/ YL
830 #0 - PUNTO DE ACCESO ADICIONAL DE SERIE-TÍTULO UNIFORME
Título uniforme UNAPEC por un mundo mejor
Información miscelánea Conferencias
Número de parte o sección de la obra 3
9 (RLIN) 75853
Existencias
Estado de retiro Estado de pérdida Restricciones de uso No para préstamo Código de colección Localización permanente Ubicación/localización actual Ubicación en estantería Fecha de adquisición Número de inventario Total de préstamos Signatura topográfica completa Código de barras Fecha visto por última vez Número de copia Precio válido a partir de Tipo de ítem Koha
        Dominicana de Servicio General General Depósito 15.03.2019 LF1   928.61 H519m, 2019 48438-30 25.06.2020 e.3 25.06.2020 Libro y Folleto Colección Dominicana de Servicio
        Dominicana de Servicio General General Depósito 15.03.2019 LF1   928.61 H519m, 2019 48438-40 25.06.2020 e.4 25.06.2020 Libro y Folleto Colección Dominicana de Servicio
      Excluido de préstamo Patrimonio Dominicano Patrimonio Dominicano Patrimonio Dominicano Depósito 15.03.2019 LF1   928.61 H519m, 2019 48438-10 25.06.2020   25.06.2020 Libro y Folleto Colección Patrimonio Dominicano
      Excluido de préstamo Patrimonio Dominicano Patrimonio Dominicano Patrimonio Dominicano Depósito 15.03.2019 LF1   928.61 H519m, 2019 48438-20 25.06.2020 e.2 25.06.2020 Libro y Folleto Colección Patrimonio Dominicano

Con tecnología Koha